Clic Académiciens ou Non ? (1) - Statistiques

Statistiques générales
  • Ce quiz a été pris 15 fois
  • Le résultat moyen est 16 sur 30
Statistiques - réponses
Hint Réponse % Correct
Hélène Carrère d'Encausse (1929-2023) Académicien(ne)
92%
Erik Orsenna (1947) Académicien(ne)
85%
José-Maria de Heredia (1842-1905 Académicien(ne)
77%
Léopold Sédar Senghor (1906-2001) Académicien(ne)
77%
Ernest Renan (1823-1892) Académicien(ne)
69%
Jacques Prévert (1900-1977) Pas Académicien(ne)
69%
Antoine Arnauld (1612-1694) Pas Académicien(ne)
69%
Charles Baudelaire (1821-1867) Pas Académicien(ne)
62%
Guillaume Hanoteau (1908-1985) Pas Académicien(ne)
62%
Adolphe Thiers (1797-1877) Académicien(ne)
54%
Claude Lévi-Strauss (1908-2009) Académicien(ne)
54%
Claude Favre de Vaugelas (1585-1650) Académicien(ne)
54%
Voltaire (1694-1778) Académicien(ne)
54%
Henri Poincaré (1854-1912) Académicien(ne)
54%
Françoise d'Aubigné (1635-1719) Pas Académicien(ne)
54%
Milan Kundera (1929-2023) Pas Académicien(ne)
54%
Victorien Sardou (1831-1908) Académicien(ne)
46%
Ferdinand de Lesseps (1805-1894) Académicien(ne)
46%
Guillaume Apollinaire (1880-1918) Pas Académicien(ne)
46%
Pierre-Augustin Caron de Beaumarchais (1732-1799) Pas Académicien(ne)
46%
Georges Bernanos (1888-1948) Pas Académicien(ne)
46%
Benoît Duteurtre (1960-2024) Pas Académicien(ne)
46%
Blaise Pascal (1623-1662) Pas Académicien(ne)
38%
Pierre Nicole (1625-1695) Pas Académicien(ne)
38%
Emmanuel-Joseph Sieyès (1748-1836) Académicien(ne)
31%
Gonzague Saint Bris (1948-2017) Pas Académicien(ne)
31%
Henry Becque (1837-1899) Pas Académicien(ne)
31%
André Chénier (1762-1794) Pas Académicien(ne)
31%
Paul Fort (1872-1960) Pas Académicien(ne)
23%
François de La Rochefoucauld (1613-1680) Pas Académicien(ne)
15%
Aucun quiz correspondant
Distribution des résultats
% des personnes avec chaque résultat
Percentile par nombre de réponses
Votre historique - résultats
Vous n’avez pas pris ce quiz